[Event "World Blitz"]
[Site "Moscow RUS"]
[Date "2007.11.22"]
[Round "35"]
[White "Ivanchuk, V."]
[Black "Leko, P."]
[Result "1/2-1/2"]
[WhiteElo "2787"]
[BlackElo "2755"]
[PlyCount "430"]
[EventDate "2007.11.21"]
[Source "www.chesslib.no"]
[SourceDate "2004.05.04"]

1. d4 Nf6 2. c4 e6 3. Nf3 b6 4. g3 Ba6 5. b3 Bb4+ 6. Bd2 Be7 7. Bg2 c6 8. Bc3 d5 9. Ne5 Nfd7 10. Nxd7 Nxd7 11. Nd2 O-O 12. O-O Rc8 13. e4 c5 14. exd5 exd5 15. dxc5 dxc4 16. cxb6 Nxb6 17. Re1 cxb3 18. Qxb3 Nd7 19. Nf3 Bc4 20. Qb2 Nc5 21. Bxg7 Nd3 22. Bxf8 Nxb2 23. Bxe7 Qb6 24. Ne5 Be6 25. Re2 Nc4 26. Rae1 Nxe5 27. Rxe5 h6 28. R5e2 Qd4 29. h4 Rc4 30. Ba3 Qd3 31. Bb2 Rc2 32. Bf1 Rxe2 33. Rxe2 Qb1 34. Bc3 Qc1 35. Bb4 Bc4 36. Re1 Qb2 37. Re8+ Kh7 38. Bxc4 Qxb4 39. Bd3+ Kg7 40. Re4 Qb6 41. Bc2 Qc6 42. Rg4+ Kf8 43. Bb3 a5 44. Rf4 f6 45. Rc4 Qb7 46. Kh2 Kg7 47. Rg4+ Kh7 48. Rd4 Qc7 49. Rf4 Qe5 50. Kg2 Kg7 51. Rg4+ Kf8 52. Rf4 Kg7 53. Kf3 Kf8 54. Re4 Qf5+ 55. Ke3 Qc5+ 56. Kf3 Qf5+ 57. Rf4 Qe5 58. Kg2 Kg7 59. Ra4 Qc5 60. Rg4+ Kf8 61. Rg6 Qf5 62. Rg8+ Ke7 63. Rg7+ Kf8 64. Rf7+ Ke8 65. Rc7 Qe4+ 66. Kh2 Qf5 67. Rc2 Kf8 68. Re2 Qf3 69. Rd2 Kg7 70. Bd5 Qc3 71. Re2 Qc5 72. Bb3 Qb4 73. Rc2 Qd4 74. Bc4 Qe4 75. Bb3 a4 76. Rc7+ Kf8 77. Rc4 Qe2 78. Rxa4 Qxf2+ 79. Kh3 h5 80. Rf4 Qg1 81. Bd5 Kg7 82. Bg2 Qc5 83. a4 Qa5 84. Rd4 Kg6 85. Rf4 Kg7 86. Bf1 Kg6 87. Kh2 Qd2+ 88. Bg2 Kg7 89. Rf5 Kg6 90. Rd5 Qa2 91. a5 Kg7 92. Kh3 Kg6 93. Rc5 Kh6 94. Rb5 Qe6+ 95. Kh2 Qa2 96. Rd5 Kg6 97. Kh3 Kh6 98. Rc5 Qe6+ 99. Kh2 Qa2 100. Rc6 Qxa5 101. Rxf6+ Kg7 102. Rf4 Qe5 103. Bf3 Kg6 104. Kh3 Qe6+ 105. Kg2 Qa2+ 106. Kg1 Qb1+ 107. Kh2 Qc2+ 108. Kh3 Qc8+ 109. Kh2 Qc2+ 110. Bg2 Qd2 111. Kg1 Qe1+ 112. Kh2 Qd2 113. Rf3 Qb2 114. Kg1 Qc1+ 115. Bf1 Qa1 116. Kg2 Qb2+ 117. Rf2 Qb7+ 118. Kh2 Qd5 119. Bh3 Qd4 120. Rf4 Qb2+ 121. B 2 Qd2 122. Rc4 Qf2 123. Rc6+ Kg7 124. Ra6 Qd2 125. Rb6 Qe2 126. Rd6 Qf2 127. Rd5 Kg6 128. Rg5+ Kh6 129. Kh3 Qf6 130. Rd5 Qe6+ 131. Kh2 Qe2 132. Rd4 Kg6 133. Rf4 Qd2 134. Rf3 Qb2 135. Kg1 Qc1+ 136. Bf1 Qd2 137. Bd3+ Kg7 138. Kf1 Qb2 139. Be2 Qd2 140. Rf5 Qe3 141. Rg5+ Kf6 142. Bxh5 Qc1+ 143. Kg2 Qd2+ 144. Kh3 Qd3 145. Rg6+ Ke7 146. Rg7+ Ke6 147. Rf7 Qd5 148. Bg6 Qh1+ 149. Kg4 Qd1+ 150. Rf3 Qd4+ 151. Kh3 Qg7 152. Bh5 Qh6 153. Bg4+ Ke7 154. Rf4 Qc6 155. Bf3 Qe6+ 156. Rg4 Kf6 157. Be4 Qd7 158. Bf3 Qf5 159. Kh2 Qc2+ 160. Bg2 Qe2 161. Rf4+ Kg7 162. Rf3 Qe5 163. Kh3 Qe6+ 164. g4 Qd7 165. h5 Qe7 166. Rf5 Qe3+ 167. Bf3 Qe6 168. Kh4 Qe1+ 169. Kh3 Qf1+ 170. Bg2 Qd3+ 171. Kh4 Qd2 172. Bd5 Qe1+ 173. Kh3 Qe3+ 174. Rf3 Qd4 175. Bc6 Qc5 176. Bb7 Qe5 177. Rf5 Qe3+ 178. Bf3 Kh6 179. Rf6+ Kg7 180. Rf5 Kh6 181. Kg2 Qd2+ 182. Kg3 Qe1+ 183. Kh3 Qf1+ 184. Bg2 Qd3+ 185. Kh4 Qd4 186. Bd5 Kg7 187. Rg5+ Kh6 188. Rg6+ Kh7 189. Bg8+ Kh8 190. Be6 Qf2+ 191. Kg5 Qe3+ 192. Kf6 Qd4+ 193. Kf7 Qa7+ 194. Ke8 Qb8+ 195. Ke7 Qc7+ 196. Bd7 Qe5+ 197. Re6 Qg5+ 198. Kd6 Kh7 199. Re4 Qf6+ 200. Be6 Qg5 201. Bf5+ Kg7 202. Re7+ Kh8 203. Re6 Qd2+ 204. Ke7 Qg5+ 205. Ke8 Qg8+ 206. Kd7 Qg5 207. h6 Qd2+ 208. Ke8 Qa5 209. Kf7 Qd5 210. Kf6 Qd4+ 211. Kg6 Qd8 212. Kh5 Qd7 213. g5 Qd1+ 214. Kg6 Qd7 215. Re4 Qf7+ 1/2-1/2

[Event "Wijk aan Zee"]
[Site "?"]
[Date "2005.??.??"]
[Round "?"]
[White "Anand, V."]
[Black "Adams, Mi"]
[Result "1-0"]
[WhiteElo "2785"]
[BlackElo "2740"]
[PlyCount "83"]
[EventDate "2005.??.??"]
[Source "Chess Informant"]
[SourceDate "2004.10.01"]

1. d4 Nf6 2. c4 e6 3. Nf3 b6 4. g3 Ba6 5. b3 Bb4+ 6. Bd2 Be7 7. Bg2 c6 8. Bc3 d5 9. Ne5 Nfd7 10. Nxd7 Nxd7 11. Nd2 O-O 12. O-O Nf6 13. e4 b5 14. exd5 cxd5 15. c5 b4 16. Bxb4 Bxf1 17. Bxf1 e5 18. Bc3 a5 19. a3 Ne4 20. Nxe4 dxe4 21. b4 axb4 22. axb4 Rxa1 23. Qxa1 Qd5 24. dxe5 Ra8 25. Qc1 Ra2 26. Qe3 Rc2 27. Qd4 Qxd4 28. Bxd4 Kf8 29. h4 Ke8 30. e6 fxe6 31. Bxg7 Rc1 32. Bd4 Kd7 33. Be3 Rc3 34. Bd4 Rc1 35. Kg2 Kc6 36. Be3 Rc2 37. Ba6 Kc7 38. Kh3 Rc3 39. Bd4 Rb3 40. b5 Rd3 41. b6+ Kc6 42. Bb5+ 1-0

[Event "Budapest RWE Gas m"]
[Site "Budapest"]
[Date "2001.01.06"]
[Round "7"]
[White "Kramnik, Vladimir"]
[Black "Leko, Peter"]
[Result "1/2-1/2"]
[WhiteElo "2770"]
[BlackElo "2743"]
[PlyCount "257"]
[EventDate "2001.01.02"]
[Source "ChessBase"]
[SourceDate "2001.03.20"]

1. d4 Nf6 2. c4 e6 3. Nf3 b6 4. g3 Ba6 5. b3 Bb4+ 6. Bd2 Be7 7. Bg2 c6 8. O-O d5 9. Qc2 Nbd7 10. Rd1 Rc8 11. Bf4 c5 12. dxc5 Bxc5 13. Qb2 O-O 14. Nc3 Ng4 15. e3 e5 16. Bg5 f6 17. Bh4 g5 18. Nxd5 e4 19. Nd4 Qe8 20. Nf5 Qe6 21. b4 Qxf5 22. bxc5 Qe6 23. cxb6 Nxb6 24. h3 Ne5 25. Qa3 Nf3+ 26. Bxf3 exf3 27. g4 Nxc4 28. Qe7 Qf7 29. Bg3 Rcd8 30. Rd4 Qxe7 31. Nxe7+ Kf7 32. Nc6 Rxd4 33. Nxd4 Nd2 34. Bd6 Rd8 35. Bb4 Ne4 36. Rc1 Rc8 37. Rxc8 Bxc8 38. Nxf3 h5 39. Nh2 hxg4 40. hxg4 Ke6 41. f3 Nd6 42. Kf2 Nc4 43. Nf1 Ne5 44. Bc3 Nd3+ 45. Kg3 Nc1 46. Bd2 Nxa2 47. e4 a5 48. Bxa5 Nc1 49. Kf2 Nd3+ 50. Ke3 Ne5 51. Bc3 Nc4+ 52. Kf2 Bb7 53. Ng3 Nd6 54. Ba1 Ne8 55. Nh5 Ba6 56. Ke3 Bb5 57. Bc3 Ba6 58. Ng3 Bb5 59. Kd4 Ba6 60. Kc5 Bd3 61. Kd4 Bb5 62. Bb4 Ba6 63. Nf5 Be2 64. Ke3 Ba6 65. Nd4+ Kd7 66. Bf8 Bc4 67. Kd2 Bf1 68. Ke3 Ba6 69. Nf5 Bb5 70. f4 gxf4+ 71. Kxf4 Ba6 72. Bb4 Ke6 73. Nd4+ Kf7 74. Nf3 Ng7 75. Bc3 Ne6+ 76. Ke3 Bb7 77. Bb2 Ng5 78. Nd2 Ke6 79. Kf4 Nh3+ 80. Ke3 Ng5 81. Bc3 Bc6 82. Ba5 Bb7 83. Bd8 Bc6 84. Bc7 Bb7 85. Bf4 Nf7 86. Nf3 Ba6 87. Nd4+ Ke7 88. Nf5+ Ke6 89. Ng7+ Ke7 90. Kd4 Be2 91. Nf5+ Ke6 92. Ne3 Ba6 93. Nd1 Be2 94. Nf2 Bf1 95. Ke3 Ba6 96. Kf3 Bb5 97. Ke3 Ba6 98. Bc7 Bb5 99. Kf4 Ba6 100. Nd1 Ng5 101. Nc3 Bb7 102. Bb6 Bc6 103. Bd4 Nh3+ 104. Kg3 Ng5 105. Kf4 Nh3+ 106. Ke3 Ng5 107. Bc5 Bb7 108. Ba3 Bc6 109. Bc1 Bb7 110. Bd2 Bc6 111. Be1 Bb7 112. Bh4 Nf7 113. Kf4 Bc6 114. Ne2 Bb7 115. Nd4+ Ke7 116. Nf5+ Ke6 117. Ng7+ Ke7 118. Nh5 Ke6 119. Nxf6 Bc6 120. Nh5 Bb7 121. Ng3 Nd6 122. Bd8  c4 123. Bc7 Nd2 124. g5 Nb3 125. g6 Kf6 126. Nf5 Kxg6 127. Nd6 Bc6 128. e5 Nd4 129. Bb6 1/2-1/2

[Event "w-ch, Elista RUS"]
[Site "?"]
[Date "1996.??.??"]
[Round "?"]
[White "Karpov, An"]
[Black "Kamsky, G."]
[Result "1/2-1/2"]
[WhiteElo "2770"]
[BlackElo "2735"]
[PlyCount "99"]
[EventDate "1996.??.??"]
[Source "www.chesslib.no"]
[SourceDate "2004.05.04"]

1. d4 Nf6 2. c4 e6 3. Nf3 b6 4. g3 Ba6 5. b3 Bb4+ 6. Bd2 Be7 7. Bg2 c6 8. Bc3 d5 9. Ne5 Nfd7 10. Nxd7 Nxd7 11. Nd2 O-O 12. O-O Rb8 13. Re1 b5 14. c5 e5 15. dxe5 Nxc5 16. a3 Ne6 17. b4 d4 18. Bb2 c5 19. bxc5 Bxc5 20. Ne4 Be7 21. e3 dxe3 22. Rxe3 Qxd1+ 23. Rxd1 Bb7 24. Rd7 Bxe4 25. Rxe7 Bxg2 26. Kxg2 a5 27. Ra7 Ra8 28. Rxa8 Rxa8 29. Rb3 Rb8 30. Bc3 a4 31. Rb1 Rc8 32. Ba5 Rc5 33. f4 f6 34. exf6 gxf6 35. Rd1 Kf7 36. Rd7+ Kg6 37. Kf3 Rc4 38. Ke3 Nc5 39. Rd5 Kf7 40. Bb6 Rc3+ 41. Kd4 Rc4+ 42. Ke3 Rc3+ 43. Ke2 Ne4 44. Rxb5 Rxa3 45. Ra5 Kg6 46. Bd4 h5 47. Be3 f5 48. Ra6+ Kf7 49. Ra5 Kg6 50. Ra6+ 1/2-1/2

[Event "Wijk aan Zee"]
[Site "Wijk aan Zee"]
[Date "2004.??.??"]
[Round "?"]
[White "Kramnik, V."]
[Black "Leko, P."]
[Result "1/2-1/2"]
[WhiteElo "2777"]
[BlackElo "2722"]
[PlyCount "129"]
[EventDate "2004.??.??"]
[Source "Chess Informant"]
[SourceDate "2003.10.01"]

1. d4 Nf6 2. c4 e6 3. Nf3 b6 4. g3 Ba6 5. b3 Bb4+ 6. Bd2 Be7 7. Bg2 c6 8. Ne5 O-O 9. Bc3 d5 10. Nd2 c5 11. dxc5 Bxc5 12. O-O Bb7 13. e3 Be7 14. Rc1 Nbd7 15. Nxd7 Qxd7 16. Bxf6 Bxf6 17. cxd5 exd5 18. Ne4 Be5 19. Qd3 Rad8 20. Ng5 g6 21. Nf3 Bf6 22. Rfd1 Rc8 23. Nd4 Rxc1 24. Rxc1 Rc8 25. Rd1 Qc7 26. Ne2 Qc2 27. Nf4 Qxa2 28. Nxd5 Bxd5 29. Bxd5 Rc7 30. Bc4 Qa3 31. e4 b5 32. Bxb5 Rc3 33. Qd7 Qxb3 34. e5 Be7 35. Be2 Qe6 36. Qxe6 fxe6 37. Rd7 Kf8 38. Rxa7 Rc2 39. Kf1 Rc1+ 40. Kg2 Rc2 41. Kf3 g5 42. Ra8+ Kg7 43. Bd3 Rc5 44. Ke4 Rc6 45. f4 gxf4 46. gxf4 Kf7 47. Ra4 Bd8 48. Bc4 Ke7 49. Kd3 Bc7 50. Ra8 Bd8 51. Ra7+ Bc7 52. Bb5 Rc5 53. Kd4 Rd5+ 54. Kc4 Kd8 55. f5 Rd4+ 56. Kc5 Rd5+ 57. Kc4 Rd4+ 58. Kxd4 Bb6+ 59. Kd3 Bxa7 60. f6 Bg1 61. h3 Bc5 62. Ke4 Ba3 63. h4 Bb2 64. Kf4 h6 65. Bc4 1/2-1/2